Zur Eröffnung des 21. Deutschen Präventionstages in Magdeburg

Guardado en:  
Detalles Bibliográficos
Autor principal: Marks, Erich (Autor)
Tipo de documento: Print Artículo
Lenguaje:Alemán
Publicado: 2017
En: Prävention und Freiheit. Zur Notwendigkeit eines Ethik-Diskurses
Año: 2017, Páginas: 51-56
Acceso en línea: Volltext (kostenfrei)
Volltext (kostenfrei)
Volltext (kostenfrei)
Verificar disponibilidad: HBZ Gateway
Parallel Edition:No electrónico

MARC

LEADER 00000caa a2200000 c 4500
001 1923621645
003 DE-627
005 20250618114955.0
007 tu
008 250424s2017 xx ||||| 00| ||ger c
020 |a 9783942865715 
035 |a (DE-627)1923621645 
035 |a (DE-599)KXP1923621645 
040 |a DE-627  |b ger  |c DE-627  |e rda 
041 |a ger 
084 |a 2,1  |2 ssgn 
100 1 |a Marks, Erich  |e VerfasserIn  |0 (DE-588)132091801  |0 (DE-627)517889714  |0 (DE-576)165649763  |4 aut 
109 |a Marks, Erich 
245 1 0 |a Zur Eröffnung des 21. Deutschen Präventionstages in Magdeburg  |c Erich Marks 
264 1 |c 2017 
336 |a Text  |b txt  |2 rdacontent 
337 |a ohne Hilfsmittel zu benutzen  |b n  |2 rdamedia 
338 |a Band  |b nc  |2 rdacarrier 
773 0 8 |i Enthalten in  |a Deutscher Präventionstag (21. : 2016 : Magdeburg)  |t Prävention und Freiheit. Zur Notwendigkeit eines Ethik-Diskurses  |d Mönchengladbach : Forum Verlag Godesberg GmbH, 2017  |g (2017), Seite 51-56  |h 506 Seiten  |w (DE-627)1000127079  |w (DE-576)494839007  |z 9783942865715  |z 3942865718  |7 nnam 
773 1 8 |g year:2017  |g pages:51-56 
775 0 8 |i Parallele Sprachausgabe  |n englisch  |a Marks, Erich  |t German Congress on Crime Prevention 2016 in Magdeburg - Welcome to the annual prevention surveying in troubled times  |d 2017  |w (DE-627)1923622056  |k Non-Electronic 
776 1 |o 10.15496/publikation-107170 
856 4 1 |u http://hdl.handle.net/10900/165842  |x Resolving-System  |z kostenfrei  |3 Volltext  |7 0 
856 4 1 |u http://nbn-resolving.org/urn:nbn:de:bsz:21-dspace-1658427  |x Resolving-System  |z kostenfrei  |3 Volltext  |7 0 
856 4 1 |u https://doi.org/10.15496/publikation-107170  |x Resolving-System  |z kostenfrei  |3 Volltext  |7 0 
951 |a AR 
ELC |b 1 
LOK |0 000 xxxxxcx a22 zn 4500 
LOK |0 001 470990278X 
LOK |0 003 DE-627 
LOK |0 004 1923621645 
LOK |0 005 20250522121206 
LOK |0 008 250424||||||||||||||||ger||||||| 
LOK |0 040   |a DE-2619  |c DE-627  |d DE-2619 
LOK |0 092   |o n 
LOK |0 852   |a DE-2619 
LOK |0 852 1  |9 00 
LOK |0 866   |x #3650 
LOK |0 935   |a kdpt 
LOK |0 939   |a 24-04-25  |b l01 
OAS |a 1 
ORI |a SA-MARC-krimdoka001.raw